| 000 | 00670nam a2200241 a 4500 | ||
|---|---|---|---|
| 001 | BRCA_7530 | ||
| 005 | 20190320205856.0 | ||
| 008 | 160513s1951----enka######---#000-0#eng-# | ||
| 041 | _aeng | ||
| 044 | _aenk | ||
| 050 | 4 |
_aNC257.B8 _b.G65 1951 |
|
| 100 | 1 |
_aGoldscheider, Ludwig _914033 |
|
| 245 | 1 | 0 |
_aMichelangelo drawings _cby Ludwig Goldscheider. |
| 260 |
_aLondres _bPhaidon _cc1951 |
||
| 300 |
_a199 p. _bil., 208 láminas |
||
| 500 | _aR87 | ||
| 504 | _aBibliografĂa p. 197-199 | ||
| 600 | 1 | 4 |
_aBuonarroti, Michel Angelo _d1475-1564 _97833 |
| 650 | 1 | 4 |
_aDibujos italianos _918572 |
| 650 | 1 | 4 |
_aDibujantes italianos _917392 |
| 902 | _aGFM | ||
| 942 |
_2lcc _cB |
||
| 999 |
_c7204 _d7204 |
||